书目信息 |
| 题名: |
环境与资源保护法
|
|
| 作者: | 周珂 主编 | |
| 分册: | ||
| 出版信息: | 中国人大 2007.07 |
|
| 页数: | 661页 | |
| 开本: | 20cm | |
| 丛书名: | ||
| 单 册: | ||
| 中图分类: | D922.60 | |
| 科图分类: | ||
| 主题词: | 法律--中国 | |
| 电子资源: | ||
| ISBN: | 978-7-300-08218-9 | |
| 000 | 00605nam0 2200229 45 | |
| 001 | 0936951509 | |
| 005 | 20091021101649.87 | |
| 010 | @a978-7-300-08218-9@dCNY45.00 | |
| 100 | @a20090515d2007 ekmy0 y0120 ea | |
| 102 | @aCN@b130000 | |
| 102 | @aCN@b110000 | |
| 105 | @ay z 000yy | |
| 200 | 1 | @a环境与资源保护法@f周珂主编@Fzhou ke zhu bian |
| 210 | @c中国人大@d2007.07 | |
| 210 | @a北京@c中国人民大学出版社 | |
| 215 | @a661页@d20cm | |
| 606 | 0 | @a法律@x中国 |
| 690 | @aD922.60@v4 | |
| 701 | 0 | @a周珂@Azhou ke@4主编 |
| 801 | 0 | @aCN@c20091021 |
| 905 | @a10447@dD922.60@eZ771 | |
| 906 | @d45@n2@r1 | |
| 环境与资源保护法/周珂主编.-中国人大,2007.07.-北京:中国人民大学出版社 |
| 661页;20cm |
| ISBN 978-7-300-08218-9:CNY45.00 |
| ● |
| 相关链接 |
|
|
|
正题名:环境与资源保护法
索取号:D922.60/Z771
 
预约/预借
| 序号 | 登录号 | 条形码 | 馆藏地/架位号 | 状态 | 备注 |
| 1 | 891220 | 208912202 | 社科库509/509社科库 90排1列2层/ [索取号:D922.60/Z771] | 在馆 | |
| 2 | 891221 | 208912211 | 社科库509/509社科库 90排1列2层/ [索取号:D922.60/Z771] | 在馆 |